000
00312nam a22001337a 4500
082
_a
823
_b
SUD/L
100
_a
SUDHAKAR, SUMATHI
245
_a
THE LION MAKERS AND OTHER STORIES
260
_a
THRISSUR
_b
H&C
300
_a
40
520
_a
ENGLISH SHORT STORY
650
_a
ENGLISH SHORT STORY
_z
KERALA
942
_c
BK
999
_c
5892
_d
5892